Institutes de Justinien. (Record no. 153280)

MARC details
000 -LEADER
campo de control de longitud fija 00832nam a22001935i 4500
001 - NÚMERO DE CONTROL
campo de control 153280
003 - IDENTIFICADOR DE NÚMERO DE CONTROL
campo de control ES-MaACL
005 - FECHA Y HORA DE LA ÚLTIMA TRANSACCIÓN
campo de control 20251013220058.0
008 - DATOS DE LONGITUD FIJA--INFORMACIÓN GENERAL
campo de control de longitud fija 990610s1846 fr |||| | fre d
040 ## - FUENTE DE CATALOGACIÓN
Centro catalogador/agencia de origen CCPB | B
Lengua de catalogación spa
Centro/agencia transcriptor CCPB | B
130 0# - ENTRADA PRINCIPAL--TÍTULO UNIFORME
Título uniforme Corpus juris civilis.
Nombre de parte o sección de la obra Institutiones
9 (RLIN) 135271
245 10 - MENCIÓN DEL TÍTULO
Título Institutes de Justinien.
Nombre de parte o sección de la obra Tome second /
Mención de responsabilidad, etc. traduites et expliquées par L. Étienne.
260 ## - PUBLICACIÓN, DISTRIBUCIÓN, ETC.
Lugar de publicación, distribución, etc. Paris :
Nombre del editor, distribuidor, etc. Cotillon, Libraire ;
Lugar de publicación, distribución, etc. Aix :
Nombre del editor, distribuidor, etc. chez tous les libraires,
Fecha de publicación, distribución, etc. 1846.
300 ## - DESCRIPCIÓN FÍSICA
Extensión 623 p. ;
Dimensiones 23 cm.
650 07 - PUNTO DE ACCESO ADICIONAL DE MATERIA--TÉRMINO DE MATERIA
Término de materia o nombre geográfico como elemento de entrada Derecho romano
Fuente del encabezamiento o término embne
9 (RLIN) 11764
700 1# - ENTRADA AGREGADA--NOMBRE PERSONAL
Nombre de persona Etienne, Louis,
Fechas asociadas al nombre 1799-1885
9 (RLIN) 126981
852 ## - LOCALIZACIÓN
Ubicación ES-MaACL
Número de control de estantería C-3618
Nota libre -- Enc. hol.
Encuadernación -- Edic: En t. II consta en pie de imp.: Paris: Cotillon; Aix: chez MM. Pardigon, Richard, Makaire (Aix: Imprimerie de Nicot et Pardidon)
Holdings
Estatus retirado Estado de pérdida Estado de daño No para préstamo Colección Biblioteca de origen Biblioteca actual Ubicación en estantería Fecha de adquisición Fuente de adquisición Total de préstamos Signatura topográfica completa Código de barras Visto por última vez Precio de reemplazo Tipo de ítem Koha
        Libros del s. XIX Biblioteca del Ateneo de Madrid Biblioteca del Ateneo de Madrid Sala Palomar 17/01/2008     C-3618 1160178 23/02/2023 23/02/2023 Libro impreso antiguo